Toute les races de chien en G (sans image) - Statistiques

Statistiques générales
  • Ce quiz a été pris 9 fois
  • Le résultat moyen est 5 sur 14
Statistiques - réponses
Réponses % Correct
2 Golden Retriever
89%
12 Griffon fauve de Bretagne
56%
13 Griffon Korthals
56%
14 Griffon nirvernais
56%
4 Grand Anglo-Français blanc et noir
33%
5 Grand Anglo-Français blanc et orange
33%
6 Grand Anglo-Français tricolore
33%
3 Goldendoodle
22%
7 Grand Basset Griffon vendéen
22%
9 Grand bouvier suisse
22%
11 Grand Griffon bruxellois
22%
1 Gascon Saintongeois
11%
8 Grand bleu de Gascogne
11%
10 Grand épagneul de Münster
0%
Aucun quiz correspondant
Distribution des résultats
% des personnes avec chaque résultat
Percentile par nombre de réponses
Votre historique - résultats
Vous n’avez pas pris ce quiz